[Event "Melbourne Cup"]
[Site "Melbourne"]
[Date "2010.10.31"]
[Round "4"]
[White "Khaled, Omar"]
[Black "Hoholis, Harry"]
[Result "1-0"]
[WhiteElo "1900"]
[BlackElo "1656"]
[PlyCount "111"]
[EventDate "2010.10.29"]
[EventType "swiss"]
[EventRounds "9"]
[EventCountry "AUS"]
[SourceTitle "EXT 2012"]
[Source "ChessBase"]
[SourceDate "2011.11.24"]
[SourceVersion "1"]
[SourceVersionDate "2011.11.24"]
[SourceQuality "1"]

1. c4 e6 2. Nf3 d5 3. d4 Nf6 4. g3 Nc6 5. Bg2 Bb4+ 6. Bd2 0-0 7. 0-0 Ne4 8. Be3 Ne7 9. Qa4 c5 10. a3 Bd7 11. Qc2 cxd4 12. Bxd4 Ba5 13. b4 Bc7 14. cxd5 exd5 15. Nc3 Nxc3 16. Bxc3 Bf5 17. Qd2 Qd7 18. Rfd1 Be4 19. Qd4 Nf5 20. Qxe4 dxe4 21. Rxd7 exf3 22. Bh3 Nxg3 23. hxg3 Rac8 24. Rd3 Rce8 25. exf3 Re2 26. Rd2 Re7 27. Rad1 Bb6 28. Bd4 Rfe8 29. Bxb6 axb6 30. Bd7 Ra8 31. Bb5 g5 32. Rd8+ Rxd8 33. Rxd8+ Kg7 34. Rd7 Re1+ 35. Kg2 Re5 36. Bc4 b5 37. Bxf7 Kf6 38. Bd5 h5 39. Be4 g4 40. Rxb7 gxf3+ 41. Kxf3 Rg5 42. Bc6 Rf5+ 43. Kg2 h4 44. gxh4 Rf4 45. Kg3 Rc4 46. Bxb5 Rc3+ 47. f3 Rxa3 48. Bc6 Ra1 49. b5 Ke5 50. Rd7 Rg1+ 51. Kf2 Rg6 52. Ke3 Rh6 53. Rd5+ Ke6 54. b6 Rxh4 55. b7 Rh8 56. Ra5 1-0

[Event "Victoria-ch reserves"]
[Site "Melbourne"]
[Date "2006.10.17"]
[Round "5"]
[White "Raine, Marcus"]
[Black "Hoholis, Harry"]
[Result "1/2-1/2"]
[WhiteElo "1880"]
[BlackElo "1740"]
[PlyCount "84"]
[EventDate "2006.10.05"]
[EventType "tourn"]
[EventRounds "8"]
[EventCountry "AUS"]
[SourceTitle "EXT 2008"]
[Source "ChessBase"]
[SourceDate "2007.11.25"]
[SourceVersion "1"]
[SourceVersionDate "2007.11.25"]
[SourceQuality "1"]

1. d4 e6 2. c4 d5 3. Nc3 Nf6 4. Bg5 c6 5. cxd5 cxd5 6. e3 h6 7. Bh4 Nc6 8. Bd3 Bd7 9. Nge2 Rc8 10. 0-0 Be7 11. f3 0-0 12. Kh1 Ne8 13. Bf2 Bd6 14. Qd2 Qg5 15. f4 Qe7 16. e4 dxe4 17. Nxe4 Nb4 18. Bb1 Nd5 19. a3 Bc6 20. Bd3 Nef6 21. Nxd6 Qxd6 22. Bh4 Rfe8 23. h3 Nh5 24. Kg1 f5 25. Rf2 Nhf6 26. Bxf6 Nxf6 27. Qe3 Be4 28. Nc3 Bxd3 29. Qxd3 Rcd8 30. Rd1 Nd5 31. Nxd5 exd5 32. Qxf5 Re4 33. g3 Rf8 34. Qg4 Rfe8 35. Rc2 Qe7 36. Qf3 Re1+ 37. Rxe1 Qxe1+ 38. Kg2 Re4 39. Qg4 Re8 40. Qf3 Re4 41. Qg4 Re8 42. Qf3 Re4 1/2-1/2

[Event "Doeberl Cup 43rd"]
[Site "Canberra"]
[Date "2005.03.26"]
[Round "3"]
[White "Castor, David"]
[Black "Hoholis, Harry"]
[Result "0-1"]
[WhiteElo "2017"]
[BlackElo "1704"]
[PlyCount "63"]
[EventDate "2005.03.25"]
[EventType "swiss"]
[EventRounds "7"]
[EventCountry "AUS"]
[SourceTitle "CBM 105 Extra"]
[Source "ChessBase"]
[SourceDate "2005.05.01"]
[SourceVersion "1"]
[SourceVersionDate "2005.05.01"]
[SourceQuality "1"]

1. e4 d5 2. exd5 Nf6 3. d4 Nxd5 4. Nf3 e6 5. Be2 c5 6. 0-0 Nc6 7. c4 Nf6 8. dxc5 Qxd1 9. Rxd1 Bxc5 10. Nc3 a6 11. Bf4 Nh5 12. Bg5 h6 13. Bh4 g5 14. Ne4 Be7 15. Bg3 Nxg3 16. hxg3 f5 17. Nd6+ Bxd6 18. Rxd6 Ke7 19. c5 Rd8 20. Rad1 Rxd6 21. Rxd6 Bd7 22. a3 Rd8 23. Nd4 Nxd4 24. Rxd4 Bc6 25. Rxd8 Kxd8 26. f4 Kd7 27. Kf2 e5 28. Ke3 exf4+ 29. gxf4 Bxg2 30. Bh5 Bc6 31. b4 g4 32. Kf2 0-1

[Event "Doeberl Cup 39th"]
[Site "Canberra"]
[Date "2001.04.15"]
[Round "6.20"]
[White "Ali, Mosaddeque"]
[Black "Hoholis, Harry"]
[Result "1-0"]
[WhiteElo "1816"]
[BlackElo "1682"]
[PlyCount "57"]
[EventDate "2001.04.13"]
[EventType "swiss"]
[EventRounds "7"]
[EventCountry "AUS"]
[SourceTitle "CBM 082 Extra"]
[Source "ChessBase"]
[SourceDate "2001.07.03"]
[SourceVersion "1"]
[SourceVersionDate "2001.07.03"]
[SourceQuality "1"]

1. f4 Nf6 2. Nf3 c5 3. e3 g6 4. b3 Bg7 5. Bb2 d6 6. g3 b6 7. Bg2 Bb7 8. 0-0 0-0 9. c4 Nc6 10. d3 Re8 11. Nc3 h6 12. Qd2 Qd7 13. Rad1 Rad8 14. e4 Nh7 15. Nd5 e5 16. f5 gxf5 17. Bh3 Ne7 18. Nh4 Bxd5 19. cxd5 Ng5 20. Bxf5 Nxf5 21. Rxf5 f6 22. Qe2 Qf7 23. Rdf1 Nh7 24. Bc1 Rf8 25. Rh5 Ng5 26. Nf5 Kh7 27. h4 Nxe4 28. dxe4 Rg8 29. Bxh6 1-0

[Event "Doeberl Cup 39th"]
[Site "Canberra"]
[Date "2001.04.15"]
[Round "5.18"]
[White "Wright, Ian"]
[Black "Hoholis, Harry"]
[Result "1/2-1/2"]
[WhiteElo "1989"]
[BlackElo "1682"]
[PlyCount "139"]
[EventDate "2001.04.13"]
[EventType "swiss"]
[EventRounds "7"]
[EventCountry "AUS"]
[SourceTitle "CBM 082 Extra"]
[Source "ChessBase"]
[SourceDate "2001.07.03"]
[SourceVersion "1"]
[SourceVersionDate "2001.07.03"]
[SourceQuality "1"]

1. e4 e5 2. Nf3 Nc6 3. Bb5 a6 4. Ba4 Nf6 5. 0-0 d6 6. d4 Bg4 7. d5 b5 8. dxc6 bxa4 9. Nc3 Be7 10. h3 Be6 11. Re1 Bc4 12. Nd5 0-0 13. Nxe7+ Qxe7 14. Bg5 h6 15. Bh4 Bb5 16. Bxf6 Qxf6 17. Qd5 Qe6 18. Nd2 Qxd5 19. exd5 a5 20. a3 Rab8 21. Rab1 Ba6 22. b4 axb3 23. cxb3 Rb5 24. b4 Rxd5 25. Ne4 axb4 26. axb4 Bd3 27. Nc3 Rd4 28. Rb2 Ra8 29. b5 Ra3 30. Nb1 Bxb1 31. Rexb1 Rc4 32. g3 Ra8 33. Rd1 Kf8 34. b6 Rxc6 35. bxc7 Rxc7 36. Rxd6 Ke7 37. Rdb6 Rd8 38. Kg2 Rd6 39. R6b5 Ke6 40. Re2 f6 41. Ra5 Rcd7 42. Raa2 f5 43. h4 g5 44. hxg5 hxg5 45. f3 Kf6 46. Kf2 Rh7 47. Kg2 Re6 48. Ra4 Rd7 49. Kf2 Rd4 50. Ra8 e4 51. fxe4 Rdxe4 52. Rb2 g4 53. Rf8+ Kg6 54. Rg8+ Kf7 55. Ra8 Re3 56. Rb7+ Re7 57. Rxe7+ Rxe7 58. Ra5 Kf6 59. Ra6+ Re6 60. Ra2 Kg5 61. Kg2 Re5 62. Rb2 f4 63. gxf4+ Kxf4 64. Rb4+ Kg5 65. Rb3 Kh4 66. Kh2 Re2+ 67. Kg1 Ra2 68. Rc3 g3 69. Rc8 Kg4 70. Rg8+ 1/2-1/2

[Event "Doeberl Cup 39th"]
[Site "Canberra"]
[Date "2001.04.14"]
[Round "3.22"]
[White "Hoholis, Harry"]
[Black "Szuveges, Narelle"]
[Result "0-1"]
[WhiteElo "1682"]
[BlackElo "1839"]
[PlyCount "86"]
[EventDate "2001.04.13"]
[EventType "swiss"]
[EventRounds "7"]
[EventCountry "AUS"]
[SourceTitle "CBM 082 Extra"]
[Source "ChessBase"]
[SourceDate "2001.07.03"]
[SourceVersion "1"]
[SourceVersionDate "2001.07.03"]
[SourceQuality "1"]

1. e4 e5 2. f4 Bc5 3. Nf3 d6 4. Nc3 Nf6 5. Bc4 0-0 6. d3 Ng4 7. Qe2 Nc6 8. Nd1 Na5 9. Bb3 Nxb3 10. axb3 exf4 11. d4 Bb6 12. Bxf4 f5 13. Qc4+ Kh8 14. Ng5 Qe7 15. 0-0 fxe4 16. h3 Nf6 17. Ne3 h6 18. c3 hxg5 19. Bxg5 Be6 20. Qe2 c5 21. d5 Bg8 22. c4 Qf7 23. Bxf6 gxf6 24. Nf5 Rad8 25. Rf4 Bh7 26. Rh4 Rfe8 27. Qe3 Re5 28. Qf4 Qg6 29. Ne3 f5 30. Rh6 Qg7 31. Rf1 Rg8 32. Rxd6 Bc7 33. Rh6 Rxd5 34. Qh4 Rd7 35. g4 fxg4 36. hxg4 Bd8 37. Qh3 Rd3 38. Kf2 Bg5 39. Rxh7+ Qxh7 40. Qxh7+ Kxh7 41. Rh1+ Kg6 42. Nf5 e3+ 43. Kf3 Re8 0-1

[Event "Doeberl Cup 39th"]
[Site "Canberra"]
[Date "2001.04.13"]
[Round "1.17"]
[White "Hoholis, Harry"]
[Black "Valenti, Richard"]
[Result "0-1"]
[WhiteElo "1682"]
[BlackElo "2087"]
[PlyCount "86"]
[EventDate "2001.04.13"]
[EventType "swiss"]
[EventRounds "7"]
[EventCountry "AUS"]
[SourceTitle "CBM 082 Extra"]
[Source "ChessBase"]
[SourceDate "2001.07.03"]
[SourceVersion "1"]
[SourceVersionDate "2001.07.03"]
[SourceQuality "1"]

1. e4 g6 2. f4 c6 3. d4 d5 4. e5 h5 5. Bd3 Nh6 6. Nf3 Bf5 7. Nc3 e6 8. Ne2 Nd7 9. c3 Qb6 10. Rb1 Be7 11. Ng3 Bxd3 12. Qxd3 h4 13. Ne2 Nf5 14. Be3 Kf8 15. Bf2 Qa6 16. Qxa6 bxa6 17. b4 Rb8 18. Kd2 Nb6 19. Kd3 Kg7 20. g4 hxg3 21. hxg3 Rxh1 22. Rxh1 Nc4 23. g4 Nh6 24. Rg1 a5 25. Nd2 Nxd2 26. Kxd2 axb4 27. g5 Nf5 28. Rh1 bxc3+ 29. Kxc3 Ba3 30. Ng3 Rb2 31. Nxf5+ gxf5 32. Rh2 Re2 33. Bg1 Re4 34. Rh4 Bc1 35. Kb4 Bxf4 36. Kc5 Bxg5 37. Rxe4 dxe4 38. Kxc6 Bd2 39. d5 exd5 40. Bxa7 e3 41. Kxd5 e2 42. Bf2 Kg6 43. a4 e1Q 0-1